00319nam a2200109Ia 4500008004100000245009600041260003200137260000900169300001000178500000800188650001300196170224s9999 xx 000 0 und d aNewsCAP: Smokers who are motivated to quit benefit equally from three different treatments. bAmerican Journal of Nursing c2016 a116:5 aMay xNursing.